[Event "Milton Keynes op"]
[Site "Milton Keynes"]
[Date "2025.06.08"]
[Round "4"]
[White "McLachlan, Matthew"]
[Black "Verma, Aditya"]
[Result "0-1"]
[WhiteElo "1944"]
[BlackElo "2091"]
[PlyCount "108"]
[EventDate "2025.06.07"]
[EventType "swiss"]
[EventRounds "5"]
[EventCountry "ENG"]
[SourceTitle "CB24_2025"]
[SourceDate "2025.06.11"]
[SourceVersion "1"]
[SourceVersionDate "2025.06.11"]
[SourceQuality "1"]

1. d4 d5 2. c4 e6 3. Nf3 Nf6 4. g3 Be7 5. Bg2 Ne4 6. 0-0 f5 7. cxd5 exd5 8. Nc3 c6 9. Bf4 Nd7 10. Rc1 Qb6 11. Ne5 0-0 12. b3 Qa5 13. Nxe4 fxe4 14. h4 Nxe5 15. Bxe5 Bg4 16. Rc2 Rf7 17. Qc1 Raf8 18. Qe3 Qd8 19. a4 Qd7 20. f4 exf3 21. exf3 Bh3 22. Kh2 Bxg2 23. Rxg2 b6 24. f4 c5 25. a5 Qb5 26. axb6 Qxf1 27. b7 Qb5 28. b8Q Rxb8 29. Bxb8 Qxb8 30. dxc5 Qb4 31. c6 Qd6 32. Rc2 Bd8 33. Qd3 Rc7 34. Qb5 Re7 35. Rd2 Bb6 36. Rxd5 Qe6 37. Re5 Qf7 38. Qe2 Rxe5 39. Qxe5 Bc7 40. Qe4 a5 41. b4 a4 42. b5 a3 43. Qa4 Qa2+ 44. Kh3 Qe6+ 45. Kh2 Qa2+ 46. Kh3 Qe6+ 47. Kh2 a2 48. Qa8+ Kf7 49. Qa7 Kg6 50. h5+ Kxh5 51. Qc5+ Be5 52. c7 a1Q 53. c8Q Qb2+ 54. Qc2 Qxc8 0-1

[Event "British Rapidplay"]
[Site "Peterborough"]
[Date "2025.03.01"]
[Round "3"]
[White "McLachlan, Matthew"]
[Black "Basher, Ekramul"]
[Result "1-0"]
[WhiteElo "1927"]
[BlackElo "1726"]
[PlyCount "69"]
[EventDate "2025.03.01"]
[EventType "swiss (rapid)"]
[EventRounds "11"]
[EventCountry "ENG"]
[SourceTitle "CB10_2025"]
[SourceDate "2025.03.05"]
[SourceVersion "1"]
[SourceVersionDate "2025.03.05"]
[SourceQuality "1"]

1. d4 d5 2. c4 e6 3. Nf3 Nf6 4. g3 Bb4+ 5. Bd2 Bxd2+ 6. Qxd2 dxc4 7. Nc3 a6 8. Bg2 Nc6 9. 0-0 0-0 10. a4 Bd7 11. e4 Ne7 12. Ne5 b5 13. axb5 Bxb5 14. Rfe1 Nd7 15. Ng4 Ng6 16. h4 Rb8 17. h5 Ne7 18. h6 g6 19. Rad1 Nc8 20. e5 Ncb6 21. Qf4 Qe7 22. d5 exd5 23. Bxd5 c6 24. Bg2 Na4 25. Nxa4 Bxa4 26. Rxd7 Qe6 27. Bh3 f5 28. Rg7+ Kh8 29. Nh2 Rxb2 30. Nf3 Qd5 31. e6 Qc5 32. Ng5 c3 33. Nf7+ Rxf7 34. exf7 Rb7 35. Rg8# 1-0

[Event "British Rapidplay"]
[Site "Peterborough"]
[Date "2025.03.01"]
[Round "1"]
[White "McLachlan, Matthew"]
[Black "Van Neerven, Yvon"]
[Result "1-0"]
[WhiteElo "1927"]
[BlackElo "1528"]
[PlyCount "103"]
[EventDate "2025.03.01"]
[EventType "swiss (rapid)"]
[EventRounds "11"]
[EventCountry "ENG"]
[SourceTitle "CB10_2025"]
[SourceDate "2025.03.05"]
[SourceVersion "1"]
[SourceVersionDate "2025.03.05"]
[SourceQuality "1"]

1. d4 Nf6 2. Bg5 d5 3. Bxf6 exf6 4. e3 Bd6 5. g3 0-0 6. Bg2 c6 7. Ne2 Bf5 8. 0-0 Re8 9. b3 Qd7 10. c4 Bh3 11. Nbc3 Bxg2 12. Kxg2 dxc4 13. bxc4 b6 14. Qc2 Qe6 15. Qa4 c5 16. d5 Qd7 17. Qa3 h6 18. Rab1 Qe7 19. Rxb6 Nd7 20. Rb7 a6 21. Kg1 Qd8 22. Rfb1 Ne5 23. Qa4 Qc8 24. Kg2 Qf5 25. Ng1 Nd3 26. Rf1 Qg5 27. Qd7 Re7 28. Qc6 Rxb7 29. Qxb7 Re8 30. Qd7 Qe5 31. Nf3 Qe7 32. Qxe7 Rxe7 33. Rb1 Nb4 34. a3 Nc2 35. Rb6 Bc7 36. d6 Rd7 37. dxc7 Rxc7 38. Rxa6 Rc8 39. Nd5 Rb8 40. Nb6 Nxa3 41. Rxa3 Rxb6 42. Ra5 Rc6 43. Nd2 Kh7 44. Nb3 Kg6 45. Rxc5 Rb6 46. Rb5 Rc6 47. c5 Kg5 48. h4+ Kg6 49. Nd4 Rc8 50. c6 f5 51. Rb6 f6 52. Rb7 1-0

[Event "British Rapidplay"]
[Site "Peterborough"]
[Date "2025.03.01"]
[Round "2"]
[White "Slaby, Jerzy"]
[Black "McLachlan, Matthew"]
[Result "1-0"]
[WhiteElo "2464"]
[BlackElo "1927"]
[PlyCount "121"]
[EventDate "2025.03.01"]
[EventType "swiss (rapid)"]
[EventRounds "11"]
[EventCountry "ENG"]
[SourceTitle "CB10_2025"]
[SourceDate "2025.03.05"]
[SourceVersion "1"]
[SourceVersionDate "2025.03.05"]
[SourceQuality "1"]

1. e4 e6 2. d4 d5 3. Nc3 Nf6 4. e5 Nfd7 5. f4 c5 6. Nf3 Nc6 7. Be3 a6 8. Qd2 b5 9. a3 g5 10. dxc5 gxf4 11. Bxf4 Bxc5 12. Bd3 Qb6 13. Ne2 Bb7 14. Rf1 0-0-0 15. b4 Be7 16. c3 h6 17. Ned4 Rhg8 18. a4 Bg5 19. Bxg5 hxg5 20. axb5 axb5 21. Bxb5 Ndxe5 22. Nxe5 Nxe5 23. Qe2 Qc7 24. Kd2 Nc4+ 25. Kc2 e5 26. Nf5 Nd6 27. Nxd6+ Rxd6 28. Qxe5 d4 29. Ra3 Rgd8 30. Qc5 d3+ 31. Kd2 Qxc5 32. bxc5 Re6 33. Rf2 Be4 34. Bc4 Re7 35. g4 Kb8 36. Rb3+ Kc7 37. Ra3 Kb8 38. Ra6 Bg6 39. Rd6 Red7 40. Rff6 Kc7 41. Rc6+ Kb8 42. Rb6+ Rb7 43. Ba6 Rxb6 44. cxb6 Rh8 45. Rf2 Rd8 46. c4 Rd4 47. h3 Ka8 48. Rf3 Kb8 49. Re3 Re4 50. Rxe4 Bxe4 51. c5 Bg2 52. Ke3 Bf1 53. Bxd3 Bxh3 54. Bf5 Bg2 55. Kd4 f6 56. Kc4 Kb7 57. Be6 Bh3 58. Kd5 Bg2+ 59. Kd6 Be4 60. Bd5+ Bxd5 61. Kxd5 1-0

[Event "ENG-ch"]
[Site "Kenilworth"]
[Date "2024.06.23"]
[Round "7"]
[White "Clarke, James"]
[Black "McLachlan, Matthew"]
[Result "1-0"]
[WhiteElo "1894"]
[BlackElo "1917"]
[PlyCount "105"]
[EventDate "2024.06.20"]
[EventType "swiss"]
[EventRounds "7"]
[EventCountry "ENG"]
[SourceTitle "CBM 220 Extra"]
[Source "ChessBase"]
[SourceDate "2024.07.31"]
[SourceVersion "1"]
[SourceVersionDate "2024.07.31"]
[SourceQuality "1"]

1. e4 e6 2. d4 d5 3. Bd3 dxe4 4. Bxe4 Nf6 5. Bf3 c5 6. Ne2 Nc6 7. Be3 e5 8. Bxc6+ bxc6 9. dxe5 Qxd1+ 10. Kxd1 Ng4 11. Nd2 Ba6 12. c4 Nxe5 13. b3 Rd8 14. Nc3 Be7 15. Ke2 Bc8 16. Rad1 0-0 17. Nde4 Rde8 18. Nd6 Bxd6 19. Rxd6 Ng4 20. h3 Nxe3 21. fxe3 Re5 22. Re1 f5 23. Kf3 g5 24. Red1 Rfe8 25. R1d3 Kf7 26. Kf2 f4 27. exf4 Rf5 28. Rf3 gxf4 29. Ne2 Re6 30. Rd8 Re8 31. Rxe8 Kxe8 32. Nxf4 Ke7 33. Nd3 Rxf3+ 34. Kxf3 Bf5 35. Nxc5 Kd6 36. Ne4+ Ke5 37. Ng3 Bb1 38. Ne2 Bxa2 39. Nc1 Bb1 40. Ke3 a5 41. g3 Bg6 42. Nd3+ Kd6 43. Kd4 Bf7 44. Nc5 Kc7 45. Ke5 Bg6 46. g4 Bc2 47. g5 Kb6 48. Kd6 Bd1 49. h4 Be2 50. Ne4 a4 51. c5+ Ka5 52. bxa4 Bf3 53. Nf6 1-0

[Event "ENG-ch"]
[Site "Kenilworth"]
[Date "2024.06.22"]
[Round "6"]
[White "McLachlan, Matthew"]
[Black "Varley, Joe"]
[Result "1-0"]
[WhiteElo "1917"]
[BlackElo "1948"]
[PlyCount "69"]
[EventDate "2024.06.20"]
[EventType "swiss"]
[EventRounds "7"]
[EventCountry "ENG"]
[SourceTitle "CBM 220 Extra"]
[Source "ChessBase"]
[SourceDate "2024.07.31"]
[SourceVersion "1"]
[SourceVersionDate "2024.07.31"]
[SourceQuality "1"]

1. d4 Nf6 2. Bg5 Ne4 3. Bf4 c5 4. f3 Qa5+ 5. c3 Nf6 6. d5 Qb6 7. Bc1 e6 8. e4 exd5 9. exd5 Bd6 10. c4 0-0 11. Bd3 Re8+ 12. Ne2 Bf8 13. Nbc3 d6 14. Bg5 Nbd7 15. Qc2 g6 16. Bxf6 Nxf6 17. 0-0-0 Bd7 18. h4 Qd8 19. h5 a6 20. hxg6 fxg6 21. Rh2 Qe7 22. Rdh1 Qg7 23. Ne4 Re7 24. Nf4 Nxe4 25. Bxe4 Qf6 26. g3 b5 27. Nxg6 hxg6 28. Bxg6 Bg7 29. Rh4 Qe5 30. Rf4 Qe3+ 31. Kd1 Bh6 32. Qh2 Bf5 33. Bxf5 Bxf4 34. Qh8+ Kf7 35. Rh7# 1-0

[Event "ENG-ch"]
[Site "Kenilworth"]
[Date "2024.06.20"]
[Round "2"]
[White "Vaidyanathan, Adithya"]
[Black "McLachlan, Matthew"]
[Result "1/2-1/2"]
[WhiteElo "2002"]
[BlackElo "1917"]
[PlyCount "83"]
[EventDate "2024.06.20"]
[EventType "swiss"]
[EventRounds "7"]
[EventCountry "ENG"]
[SourceTitle "CBM 220 Extra"]
[Source "ChessBase"]
[SourceDate "2024.07.31"]
[SourceVersion "1"]
[SourceVersionDate "2024.07.31"]
[SourceQuality "1"]

1. Nf3 f5 2. d4 e6 3. c4 Nf6 4. Nc3 d6 5. Bg5 Be7 6. Bxf6 Bxf6 7. e4 0-0 8. Bd3 Nc6 9. Bc2 e5 10. dxe5 Bxe5 11. Nxe5 Nxe5 12. exf5 Kh8 13. 0-0 Bxf5 14. Bxf5 Rxf5 15. Nd5 Qh4 16. f4 Raf8 17. g3 Qh3 18. Qe2 Ng4 19. Ne3 Nxe3 20. Qxe3 b6 21. Rae1 h6 22. Qd4 R5f7 23. Rf2 Qf5 24. b4 Qf6 25. Qd3 Qf5 26. Qf3 Qf6 27. Kg2 a5 28. bxa5 bxa5 29. Rfe2 Qd8 30. Re6 Qa8 31. R1e4 d5 32. R4e5 dxc4 33. Qxa8 Rxa8 34. Re8+ Rxe8 35. Rxe8+ Kh7 36. Re5 Rf6 37. Rxa5 Rc6 38. Re5 c3 39. Re1 Rb6 40. a3 Rb2+ 41. Kh3 Ra2 42. Re7 1/2-1/2

[Event "British Universities-ch"]
[Site "Chess.com INT"]
[Date "2022.03.05"]
[Round "6.1"]
[White "McLachlan, Matthew"]
[Black "Nikolov, Ivan"]
[Result "1-0"]
[WhiteElo "1961"]
[BlackElo "1974"]
[PlyCount "95"]
[EventDate "2022.03.05"]
[EventType "swiss"]
[EventRounds "9"]
[EventCountry "ENG"]
[SourceTitle "EXT 2023"]
[Source "ChessBase"]
[SourceDate "2022.10.05"]
[SourceVersion "1"]
[SourceVersionDate "2022.10.05"]
[SourceQuality "1"]
[WhiteTeam "Exeter II"]
[BlackTeam "Warwick (Rooks) IV"]
[WhiteTeamCountry "ENG"]
[BlackTeamCountry "ENG"]

1. d4 d5 2. Bf4 Nf6 3. e3 g6 4. Nd2 Bg7 5. Ngf3 0-0 6. c3 Nbd7 7. h3 c5 8. Be2 b6 9. 0-0 Bb7 10. a4 Re8 11. Ne5 Nxe5 12. Bxe5 Nd7 13. Bxg7 Kxg7 14. a5 e5 15. a6 Bc6 16. b4 Rc8 17. b5 Ba8 18. Nb3 Nf6 19. Bf3 Qd7 20. Rb1 cxd4 21. cxd4 Qxb5 22. dxe5 Rxe5 23. Be2 Qe8 24. Qd4 Re4 25. Qb2 Qe5 26. Nd4 Bc6 27. Bf3 Bd7 28. Bxe4 Qxe4 29. Rbc1 Re8 30. Rc7 Re5 31. Nf3 Re7 32. Qd4 Qe6 33. Rxa7 Kh6 34. Rb7 Ne4 35. Rxb6 Qf5 36. a7 Re8 37. Rb8 Qh5 38. Rxe8 Bxh3 39. Rxe4 dxe4 40. Qxe4 f5 41. Qf4+ g5 42. Qxg5+ Qxg5 43. Nxg5 Bxg2 44. Kxg2 f4 45. a8Q f3+ 46. Kxf3 Kxg5 47. Qg8+ Kh6 48. Rh1# 1-0